| 000 | 00808nam a22002537a 4500 | ||
|---|---|---|---|
| 005 | 20251108173339.0 | ||
| 008 | 250721s1995 xx 000 0 ara d | ||
| 020 | _a9771601717 | ||
| 082 | 1 | 4 | _aط/ 219.5/عبد |
| 100 | 1 | _aعبد الحميد، علي عبد المنعم | |
| 245 | 1 | 0 | _aالفتح و الوفاة / |
| 264 | 1 |
_aبيروت : _bمكتبة ناشرون، _c1995. |
|
| 300 | _a95 ص. | ||
| 490 | 0 | _aرياض الإيمان : نفحات من سيرة الرسول و صحبه | |
| 650 | 1 | 7 | _aالسيرة النبوية |
| 650 | 1 | 7 | _aصلح الحديبية |
| 650 | 1 | 7 | _aفتح مكة |
| 650 | 1 | 7 | _aغزوة تبوك |
| 650 | 1 | 7 | _aحجة الوداع |
| 650 | 1 | 7 | _aوفاة النبي |
| 653 | _aناشئون صغار (10-14 سنة) | ||
| 942 |
_2ddc _cBK |
||
| 999 |
_c101805 _d101805 |
||